[Event "Berlin Eckbauer op 21st"]
[Site "Berlin"]
[Date "2018.11.19"]
[Round "6"]
[White "Hilke, Juergen"]
[Black "Wozniak, Konrad"]
[Result "1/2-1/2"]
[WhiteElo "1264"]
[BlackElo "1673"]
[PlyCount "37"]
[EventDate "2018.10.08"]
[EventType "swiss"]
[EventRounds "7"]
[EventCountry "GER"]
[SourceTitle "CBM 189 Extra"]
[Source "ChessBase"]
[SourceDate "2019.06.03"]
[SourceVersion "1"]
[SourceVersionDate "2019.06.03"]
[SourceQuality "1"]

1. e4 e6 2. d4 d5 3. exd5 exd5 4. Nf3 Nf6 5. Bg5 Be7 6. Nc3 0-0 7. Bd3 Bg4 8. h3 Bh5 9. g4 Bg6 10. Qd2 Bxd3 11. Qxd3 c6 12. 0-0-0 Nbd7 13. Rde1 Re8 14. Bf4 Bb4 15. Re3 Bxc3 16. Qxc3 Ne4 17. Qe1 Ndf6 18. Nd2 Nxd2 19. Qxd2 1/2-1/2

[Event "Berlin Eckbauer op 21st"]
[Site "Berlin"]
[Date "2018.11.12"]
[Round "5"]
[White "Wozniak, Konrad"]
[Black "Hankow, Bert Juergen"]
[Result "1/2-1/2"]
[WhiteElo "1673"]
[BlackElo "2018"]
[PlyCount "84"]
[EventDate "2018.10.08"]
[EventType "swiss"]
[EventRounds "7"]
[EventCountry "GER"]
[SourceTitle "CBM 189 Extra"]
[Source "ChessBase"]
[SourceDate "2019.06.03"]
[SourceVersion "1"]
[SourceVersionDate "2019.06.03"]
[SourceQuality "1"]

1. d4 e6 2. c4 d5 3. Nc3 Nf6 4. Bg5 Be7 5. e3 0-0 6. Nf3 h6 7. Bxf6 Bxf6 8. Rc1 c6 9. Bd3 Re8 10. 0-0 Nd7 11. Qd2 dxc4 12. Bxc4 e5 13. dxe5 Nxe5 14. Qxd8 Nxf3+ 15. gxf3 Rxd8 16. Rfd1 Bh3 17. Rxd8+ Rxd8 18. Rd1 Kf8 19. Rxd8+ Bxd8 20. Ne4 Be7 21. b3 Ke8 22. Ng3 b5 23. Bd3 g6 24. Ne2 Bd7 25. Nd4 Kd8 26. f4 Bf6 27. Kg2 Bxd4 28. exd4 f5 29. Kf3 a5 30. Bc2 Kc7 31. Ke3 Kd6 32. Kd3 Be6 33. Bd1 Bd5 34. Kc3 Be4 35. h4 h5 36. a3 Bd5 37. Be2 Bg2 38. Kd3 Be4+ 39. Kc3 Bd5 40. b4 a4 41. Bd1 Be4 42. Be2 Kd5 1/2-1/2

[Event "Berlin Eckbauer op 20th"]
[Site "Berlin"]
[Date "2017.10.23"]
[Round "3"]
[White "Grosse, Michael"]
[Black "Wozniak, Konrad"]
[Result "1/2-1/2"]
[WhiteElo "1941"]
[BlackElo "1688"]
[PlyCount "79"]
[EventDate "2017.10.09"]
[EventType "swiss"]
[EventRounds "7"]
[EventCountry "GER"]
[SourceTitle "CBM 189 Extra"]
[Source "ChessBase"]
[SourceDate "2019.06.03"]
[SourceVersion "1"]
[SourceVersionDate "2019.06.03"]
[SourceQuality "1"]

1. d4 Nf6 2. Bg5 e6 3. e4 Be7 4. e5 Nd5 5. Bxe7 Nxe7 6. Bd3 d5 7. Nf3 h6 8. c3 b6 9. 0-0 Nd7 10. Nbd2 c5 11. Rc1 Bb7 12. Re1 Qc7 13. Bb1 0-0-0 14. c4 Kb8 15. cxd5 Nxd5 16. Nc4 Ne7 17. Nd6 Rhf8 18. Qb3 Bd5 19. Qc3 Nc8 20. dxc5 Qxc5 21. Qd2 Qa5 22. b4 Qa4 23. Bc2 Qa6 24. Bd3 Qa4 25. Bb5 Qa3 26. Rc3 Qxa2 27. Rc2 Qa3 28. Nxc8 Rxc8 29. Bxd7 Rcd8 30. Rc3 Qa6 31. b5 Qa4 32. Bxe6 Bxe6 33. Qb2 Rd1 34. Ra3 Rxe1+ 35. Nxe1 Qe4 36. Re3 Qc4 37. Rc3 Qe4 38. Re3 Qc4 39. h3 Rc8 40. Nf3 1/2-1/2

[Event "Berlin Eckbauer op 20th"]
[Site "Berlin"]
[Date "2017.10.09"]
[Round "1"]
[White "Burger, Heinrich"]
[Black "Wozniak, Konrad"]
[Result "1-0"]
[WhiteElo "2081"]
[BlackElo "1688"]
[PlyCount "91"]
[EventDate "2017.10.09"]
[EventType "swiss"]
[EventRounds "7"]
[EventCountry "GER"]
[SourceTitle "CBM 189 Extra"]
[Source "ChessBase"]
[SourceDate "2019.06.03"]
[SourceVersion "1"]
[SourceVersionDate "2019.06.03"]
[SourceQuality "1"]

1. Nf3 Nf6 2. g3 g6 3. Bg2 Bg7 4. 0-0 0-0 5. d4 d6 6. c4 Nbd7 7. Nc3 e5 8. e4 a5 9. h3 c5 10. dxc5 dxc5 11. Qc2 Qc7 12. Rd1 b6 13. Bg5 Ba6 14. Rd2 h6 15. Be3 Rad8 16. Rad1 Rfe8 17. b3 Bf8 18. Rd3 Bg7 19. Qd2 Kh7 20. Nd5 Nxd5 21. Rxd5 Bc8 22. h4 Re7 23. Bh3 Qa7 24. Nh2 a4 25. Ng4 h5 26. Nh2 Bf6 27. Nf3 axb3 28. axb3 Qc7 29. Rd6 Bg7 30. Kh2 Qb7 31. Qd3 Qa7 32. Ng5+ Kg8 33. Bc1 Qa2 34. Rd2 Qa7 35. Bb2 Qc7 36. Nf3 Qb7 37. Rd1 Qc7 38. Bc1 Qa7 39. Bg5 f6 40. Bc1 Qa2 41. Rd2 Qa7 42. Bb2 Bh6 43. Rd1 Qa2 44. Qc2 Bg7 45. Ra1 Qxa1 46. Bxa1 1-0

[Event "Berlin Lieb Memorial 3rd"]
[Site "Berlin"]
[Date "2017.06.29"]
[Round "6"]
[White "Kramer, Ralf"]
[Black "Wozniak, Konrad"]
[Result "1/2-1/2"]
[WhiteElo "1563"]
[BlackElo "1692"]
[PlyCount "37"]
[EventDate "2017.05.11"]
[EventType "swiss"]
[EventRounds "7"]
[EventCountry "GER"]
[SourceTitle "CBM 189 Extra"]
[Source "ChessBase"]
[SourceDate "2019.06.03"]
[SourceVersion "1"]
[SourceVersionDate "2019.06.03"]
[SourceQuality "1"]

1. e4 e6 2. Nf3 d5 3. e5 c5 4. b4 cxb4 5. d4 Nc6 6. a3 Bd7 7. axb4 Bxb4+ 8. c3 Ba5 9. Bd3 Nge7 10. 0-0 0-0 11. Ba3 Qc7 12. Bxh7+ Kxh7 13. Ng5+ Kg6 14. Qg4 f5 15. exf6 Kxf6 16. Nh7+ Kf7 17. Qf3+ Kg8 18. Nxf8 Rxf8 19. Qd3 1/2-1/2

[Event "Berlin Lieb Memorial 3rd"]
[Site "Berlin"]
[Date "2017.06.15"]
[Round "4"]
[White "Meinicke, Kurt"]
[Black "Wozniak, Konrad"]
[Result "0-1"]
[WhiteElo "1514"]
[BlackElo "1692"]
[PlyCount "86"]
[EventDate "2017.05.11"]
[EventType "swiss"]
[EventRounds "7"]
[EventCountry "GER"]
[SourceTitle "CBM 189 Extra"]
[Source "ChessBase"]
[SourceDate "2019.06.03"]
[SourceVersion "1"]
[SourceVersionDate "2019.06.03"]
[SourceQuality "1"]

1. d4 Nf6 2. c4 g6 3. Nc3 Bg7 4. e4 d6 5. Nf3 0-0 6. Be2 e5 7. d5 a5 8. Bg5 Na6 9. 0-0 Qe8 10. Qd2 Nd7 11. Rfb1 f5 12. exf5 gxf5 13. Nb5 b6 14. Bh6 Qg6 15. Bg5 Bf6 16. Bh6 Bg7 17. Bxg7 Qxg7 18. Rc1 Kh8 19. Rc3 Ndc5 20. Ng5 f4 21. h4 h6 22. Ne6 Bxe6 23. dxe6 Ne4 24. Qd5 Nxc3 25. Nxc3 Nb4 26. Qe4 Qh7 27. Qxh7+ Kxh7 28. Bd1 Rae8 29. a3 Na6 30. Bc2+ Kg7 31. b4 axb4 32. axb4 Nxb4 33. Be4 Rxe6 34. Nb5 Re7 35. Ra7 Rff7 36. Ra4 c5 37. Nxd6 Ra7 38. Nf5+ Kf6 39. Rxa7 Rxa7 40. Nxh6 Ra1+ 41. Kh2 Kg7 42. Ng4 Ra7 43. Nxe5 Re7 0-1

[Event "Berlin Lieb Memorial 2nd"]
[Site "Berlin"]
[Date "2016.05.26"]
[Round "2"]
[White "Geist, Wolfgang"]
[Black "Wozniak, Konrad"]
[Result "1/2-1/2"]
[WhiteElo "1460"]
[BlackElo "1671"]
[PlyCount "59"]
[EventDate "2016.05.19"]
[EventType "swiss"]
[EventRounds "7"]
[EventCountry "GER"]
[SourceTitle "EXT 2022"]
[Source "ChessBase"]
[SourceDate "2021.10.06"]
[SourceVersion "1"]
[SourceVersionDate "2021.10.06"]
[SourceQuality "1"]

1. d4 Nf6 2. Nf3 e6 3. e3 d5 4. Bd3 Nbd7 5. c3 Be7 6. 0-0 0-0 7. Nbd2 c5 8. Re1 b6 9. e4 dxe4 10. Nxe4 Bb7 11. Nxf6+ Nxf6 12. Bg5 Bxf3 13. Qxf3 cxd4 14. Bxf6 Bxf6 15. c4 Qc7 16. Qh5 g6 17. Qf3 Bg7 18. b3 Rac8 19. Re4 Qb7 20. Qh3 Bf6 21. Rae1 Rc5 22. g4 Qc7 23. f4 h5 24. g5 Bg7 25. Rf1 a5 26. a4 Qd6 27. Qg3 Rcc8 28. h4 Qb4 29. Bc2 Qc3 30. Qd3 1/2-1/2

[Event "Berlin Eckbauer op 18th"]
[Site "Berlin"]
[Date "2015.11.16"]
[Round "6"]
[White "Wozniak, Konrad"]
[Black "Wehr, Joachim"]
[Result "1/2-1/2"]
[WhiteElo "1671"]
[BlackElo "1446"]
[PlyCount "51"]
[EventDate "2015.10.05"]
[EventType "swiss"]
[EventRounds "7"]
[EventCountry "GER"]
[SourceTitle "EXT 2022"]
[Source "ChessBase"]
[SourceDate "2021.10.06"]
[SourceVersion "1"]
[SourceVersionDate "2021.10.06"]
[SourceQuality "1"]

1. d4 d5 2. c4 e6 3. Nc3 Bb4 4. e3 Nf6 5. Bd2 0-0 6. Nf3 c6 7. Rc1 Bxc3 8. Bxc3 Ne4 9. Bd3 Nxc3 10. Rxc3 Nd7 11. Qc2 h6 12. 0-0 Qe7 13. a3 a5 14. Rc1 Rd8 15. Nd2 Nf6 16. Be2 e5 17. dxe5 Qxe5 18. Nf3 Qe7 19. Rd1 Bg4 20. h3 Bh5 21. Qc1 Ne4 22. Rcd3 Nc5 23. Rc3 Ne4 24. Rcd3 Nc5 25. Rc3 Ne4 26. Rcd3 1/2-1/2

[Event "Berlin Lieb Memorial 1st"]
[Site "Berlin"]
[Date "2015.06.11"]
[Round "4"]
[White "Wozniak, Konrad"]
[Black "Geist, Wolfgang"]
[Result "1/2-1/2"]
[WhiteElo "1675"]
[BlackElo "1512"]
[PlyCount "37"]
[EventDate "2015.05.21"]
[EventType "swiss"]
[EventRounds "7"]
[EventCountry "GER"]
[SourceTitle "EXT 2022"]
[Source "ChessBase"]
[SourceDate "2021.10.06"]
[SourceVersion "1"]
[SourceVersionDate "2021.10.06"]
[SourceQuality "1"]

1. d4 d5 2. c4 c6 3. Nf3 Nf6 4. Nc3 e6 5. Bg5 Bb4 6. e3 Qa5 7. Qc2 Ne4 8. Rc1 Nxg5 9. Nxg5 h6 10. Nf3 Nd7 11. a3 Bxc3+ 12. Qxc3 Qxc3+ 13. Rxc3 Nf6 14. Bd3 Ne4 15. Bxe4 dxe4 16. Nd2 f5 17. 0-0 0-0 18. b4 b6 19. a4 1/2-1/2

[Event "Berlin Lieb Memorial 1st"]
[Site "Berlin"]
[Date "2015.06.04"]
[Round "3"]
[White "Heerde, Thomas"]
[Black "Wozniak, Konrad"]
[Result "1-0"]
[WhiteElo "1984"]
[BlackElo "1675"]
[PlyCount "133"]
[EventDate "2015.05.21"]
[EventType "swiss"]
[EventRounds "7"]
[EventCountry "GER"]
[SourceTitle "EXT 2022"]
[Source "ChessBase"]
[SourceDate "2021.10.06"]
[SourceVersion "1"]
[SourceVersionDate "2021.10.06"]
[SourceQuality "1"]

1. e4 e6 2. d3 d5 3. Nd2 Nf6 4. Ngf3 c5 5. g3 Be7 6. Bg2 Nc6 7. 0-0 0-0 8. e5 Nd7 9. Re1 Qc7 10. Qe2 b5 11. h4 c4 12. d4 a5 13. c3 b4 14. Nf1 f6 15. exf6 Nxf6 16. Ng5 Nd8 17. Ne3 Ra7 18. Ng4 h6 19. Nxf6+ Rxf6 20. Nh3 Bd6 21. f4 Ra6 22. Nf2 a4 23. a3 bxa3 24. bxa3 Rb6 25. Ng4 Rf8 26. Ne5 Nc6 27. Be3 Nxe5 28. dxe5 Bc5 29. Kh2 Rb3 30. Qf2 Bxa3 31. Bd4 Bd7 32. Ra2 Rfb8 33. f5 Rb2 34. Re2 Rxe2 35. Qxe2 Rb3 36. Qg4 Qd8 37. fxe6 Bc6 38. Qg6 Qe7 39. Rf2 Be8 40. Qf5 Bb2 41. Bxd5 Bxc3 42. Bxc3 Rxc3 43. Qe4 Kh8 44. Bxc4 Qc5 45. Rf4 Bc6 46. Qd4 Qxd4 47. Rxd4 a3 48. e7 Rc2+ 49. Kh3 a2 50. Bxa2 Rxa2 51. Rd8+ Kh7 52. h5 Re2 53. e8Q Bxe8 54. Rxe8 Re4 55. Kg2 g6 56. Kf3 Ra4 57. Re7+ Kg8 58. hxg6 Kf8 59. Rf7+ Ke8 60. Rf4 Ra7 61. Kg4 Re7 62. Kf5 Kf8 63. Kf6 Rg7 64. Rh4 Ra7 65. Rxh6 Ra6+ 66. e6 Ra7 67. Rh8# 1-0

[Event "Zehlendorf op 14th"]
[Site "Berlin"]
[Date "2014.06.12"]
[Round "5"]
[White "Koenig, Frank"]
[Black "Wozniak, Konrad"]
[Result "1-0"]
[WhiteElo "1940"]
[BlackElo "1621"]
[PlyCount "47"]
[EventDate "2014.05.08"]
[EventType "swiss"]
[EventRounds "7"]
[EventCountry "GER"]
[SourceTitle "EXT 2023"]
[Source "ChessBase"]
[SourceDate "2022.10.05"]
[SourceVersion "1"]
[SourceVersionDate "2022.10.05"]
[SourceQuality "1"]

1. Nf3 Nf6 2. g3 g6 3. Bg2 Bg7 4. 0-0 0-0 5. d3 d6 6. e4 e5 7. Nbd2 Nbd7 8. Re1 a6 9. Nf1 b5 10. Ne3 Bb7 11. h4 Re8 12. Bh3 d5 13. exd5 Nxd5 14. h5 Nxe3 15. Bxe3 e4 16. dxe4 Bxe4 17. hxg6 fxg6 18. Ng5 Nf6 19. Be6+ Rxe6 20. Nxe6 Qxd1 21. Raxd1 Bxc2 22. Rc1 Bf5 23. Nxg7 Kxg7 24. Rxc7+ 1-0

[Event "Berlin Eckbauer op 16th"]
[Site "Berlin"]
[Date "2013.11.04"]
[Round "5"]
[White "Wozniak, Konrad"]
[Black "Rohrbach, Stephan"]
[Result "0-1"]
[WhiteElo "1621"]
[BlackElo "1858"]
[PlyCount "126"]
[EventDate "2013.10.07"]
[EventType "swiss"]
[EventRounds "7"]
[EventCountry "GER"]
[SourceTitle "EXT 2022"]
[Source "ChessBase"]
[SourceDate "2021.10.06"]
[SourceVersion "1"]
[SourceVersionDate "2021.10.06"]
[SourceQuality "1"]

1. d4 e6 2. c4 c5 3. e3 Nf6 4. Nc3 Nc6 5. Nf3 a6 6. Be2 d5 7. cxd5 Nxd5 8. Nxd5 Qxd5 9. dxc5 Qxd1+ 10. Bxd1 Bxc5 11. a3 Be7 12. b4 Bf6 13. Rb1 e5 14. e4 Bg4 15. Bb2 Rd8 16. 0-0 Be6 17. Be2 g5 18. Rbd1 Ke7 19. Rxd8 Rxd8 20. Rd1 g4 21. Ne1 Nd4 22. Bxd4 exd4 23. Rc1 Rc8 24. Rxc8 Bxc8 25. Nd3 Bg5 26. f3 Be3+ 27. Kf1 gxf3 28. Bxf3 b6 29. h3 Bd7 30. Bd1 Bb5 31. Be2 Bd2 32. g4 f6 33. Kf2 Kd6 34. Kf1 Bd7 35. Kg2 Be6 36. Kg3 b5 37. Kh4 Bc4 38. Kg3 Ke6 39. Kf3 Kd6 40. Kf2 a5 41. bxa5 Bxa5 42. Kf3 Bb6 43. Nb4 Bc5 44. Bd1 d3 45. Kf4 Bd4 46. a4 Bc3 47. Nd5 b4 48. Kf5 Kc5 49. h4 Be1 50. Nxb4 Bxh4 51. Nd5 Kd4 52. Nxf6 Kc3 53. Nxh7 Kd2 54. Bf3 Bb3 55. a5 Ke3 56. a6 Kxf3 57. a7 d2 58. a8Q d1Q 59. e5+ Kg3 60. Nf6 Bxf6 61. Kxf6 Qd6+ 62. Kg7 Qxe5+ 63. Kf8 Qh8+ 0-1

[Event "Berlin Eckbauer op 15th"]
[Site "Berlin"]
[Date "2012.10.15"]
[Round "1.19"]
[White "Koenig, Frank"]
[Black "Wozniak, Konrad"]
[Result "1-0"]
[WhiteElo "1940"]
[BlackElo "1586"]
[PlyCount "67"]
[EventDate "2012.10.15"]
[EventType "swiss"]
[EventRounds "7"]
[EventCountry "GER"]
[SourceTitle "EXT 2022"]
[Source "ChessBase"]
[SourceDate "2021.10.06"]
[SourceVersion "1"]
[SourceVersionDate "2021.10.06"]
[SourceQuality "1"]

1. Nf3 Nf6 2. g3 g6 3. Bg2 Bg7 4. 0-0 0-0 5. d3 e6 6. e4 Nc6 7. Nbd2 d5 8. e5 Nd7 9. d4 Ne7 10. c3 c5 11. Re1 Nc6 12. Nf1 b5 13. h4 c4 14. h5 Re8 15. N1h2 a5 16. Ng4 b4 17. Nh6+ Bxh6 18. Bxh6 Ne7 19. Bh3 Qb6 20. hxg6 fxg6 21. Nh4 Nf8 22. Qf3 Qc7 23. Qf6 Nf5 24. Bxf5 exf5 25. Bxf8 Rxf8 26. Qg5 Be6 27. Kg2 Rab8 28. Rh1 a4 29. Nxg6 Qg7 30. Ne7+ Kh8 31. Rxh7+ Qxh7 32. Rh1 Qxh1+ 33. Kxh1 Bg8 34. Nxg8 1-0

[Event "Gdansk op 14th"]
[Site "Gdansk"]
[Date "2012.07.22"]
[Round "2"]
[White "Wozniak, Konrad"]
[Black "Dobrowolski, Henryk"]
[Result "0-1"]
[WhiteElo "1595"]
[BlackElo "1883"]
[PlyCount "52"]
[EventDate "2012.07.22"]
[EventType "swiss"]
[EventRounds "9"]
[EventCountry "POL"]
[SourceTitle "CBM 149 Extra"]
[Source "ChessBase"]
[SourceDate "2012.08.24"]
[SourceVersion "1"]
[SourceVersionDate "2012.08.24"]
[SourceQuality "1"]

1. d4 Nf6 2. c4 g6 3. Nc3 Bg7 4. e4 d6 5. Nf3 Bg4 6. Be2 0-0 7. 0-0 Nbd7 8. Be3 c6 9. Ne1 Bxe2 10. Qxe2 e5 11. d5 c5 12. Nd3 Qe7 13. f4 exf4 14. Bxf4 Nh5 15. Nb5 Nxf4 16. Rxf4 a6 17. Nc3 Rae8 18. Re1 Ne5 19. Nxe5 Bxe5 20. Rf3 Qg5 21. Qc2 Bxh2+ 22. Kxh2 Qh4+ 23. Rh3 Qxe1 24. Qd3 f5 25. exf5 Rxf5 26. Qc2 Rf1 0-1

[Event "Berlin Eckbauer op 14th"]
[Site "Berlin"]
[Date "2011.11.14"]
[Round "5.25"]
[White "Radloff, Rainer"]
[Black "Wozniak, Konrad"]
[Result "1/2-1/2"]
[WhiteElo "1730"]
[BlackElo "1543"]
[PlyCount "44"]
[EventDate "2011.10.17"]
[EventType "swiss"]
[EventRounds "7"]
[EventCountry "GER"]
[SourceTitle "EXT 2022"]
[Source "ChessBase"]
[SourceDate "2021.10.06"]
[SourceVersion "1"]
[SourceVersionDate "2021.10.06"]
[SourceQuality "1"]

1. Nf3 Nf6 2. d4 g6 3. e3 Bg7 4. Bd3 d5 5. 0-0 Bg4 6. h3 Bxf3 7. Qxf3 e6 8. c3 0-0 9. Nd2 Nbd7 10. e4 dxe4 11. Nxe4 b6 12. Bg5 h6 13. Bh4 g5 14. Bg3 Rc8 15. Qe2 Nxe4 16. Qxe4 Nf6 17. Qe2 Nd5 18. f4 Qd6 19. Qf3 gxf4 20. Bxf4 Nxf4 21. Qxf4 Qxf4 22. Rxf4 c5 1/2-1/2